Miejscowości powiatu radzyńskiego według cechy - Statystyki

Ogólne statystyki
  • Ten quiz został rozwiązany 23 razy
  • Średni wynik to 4 z 15
Statystyki odpowiedzi
cecha miejscowość % Poprawnych
Miejscowość, w której urodził się Jerzy Rębek Radzyń Podlaski
71%
Z tej miejscowości pochodzi 2 ostatnich wójtów gminy Radzyń Podlaski Bedlno
53%
Miejscowość, z której pochodzi 2 z kilku dotychczasowych starostów radzyńskich Ulan Majorat
53%
Wieś archidiecezji lubelskiej, siedziba dekanatu Czemierniki
47%
Wieś w której funkcjonuje szpital psychiatryczny Suchowola
35%
Dawne miasto, na wschód od Radzynia Podlaskiego Wohyń
35%
W tej miejscowości sołtys jest działaczem partii "Korwin" Biała
29%
Wieś diecezji siedleckiej, siedziba dekanatu Komarówka Podlaska
24%
W tej miejscowości funkcjonuje zakład opiekuńczo - leczniczy Ustrzesz
18%
Jest tam stacja kolejowa linii Łuków - Terespol Brzozowica Duża
12%
W tej miejscowości jest punkt widokowy na małej wieży Niewęgłosz
12%
Jedyna miejscowość gminy Ulan, która w jednej z kadencji nie miała sołtysa Ulan Mały
12%
Jedyny obwód głosowania w powiecie radzyńskim, gdzie w wyborach w 2010 roku wygrał Bronisław Komorowski Kolembrody
6%
Najstarsza miejscowość parafii Ulan Krasew
6%
Obwód głosowania z największym poparciem dla PiS w wyborach w 2019 roku Kępki
0%
Nie znaleziono quizów pasujących do podanych kryteriów
Rozkład punktacji
Procent ludzi z każdym wynikiem
Percentyl według liczby udzielonych odpowiedzi
Twoja historia wyników
Nie rozwiązałeś tego quizu